Огнеупоры и техническая керамика (Запись № 3047808)

Подробности
000 -МАРКЕР
контрольное поле 10986nas1a22012491i 4500
001 - ИДЕНТИФИКАТОР ЗАПИСИ
контрольное поле RU\NLR\INFOCOMM15\5000218721
005 - ИДЕНТИФИКАТОР ВЕРСИИ
контрольное поле 20260408091918.0
011 ## - МЕЖДУНАРОДНЫЙ СТАНДАРТНЫЙ НОМЕР СЕРИАЛЬНОГО ИЗДАНИЯ (ISSN)
Номер (ISSN) 0369-7290
035 ## - ДРУГИЕ СИСТЕМНЫЕ НОМЕРА
Идентификатор записи (NLR Aleph) 003155495
100 ## - ДАННЫЕ ОБЩЕЙ ОБРАБОТКИ
Данные общей обработки 20041116a19339999|||y0rusy50 ca
101 0# - ЯЗЫК РЕСУРСА
Язык текста, звукозаписи и т.д. русский
102 ## - СТРАНА ПУБЛИКАЦИИ ИЛИ ПРОИЗВОДСТВА
Страна публикации Российская Федерация
110 ## - ПОЛЕ КОДИРОВАННЫХ ДАННЫХ: ПРОДОЛЖАЮЩИЕСЯ РЕСУРСЫ
Кодированные данные продолжающегося ресурса afuzz 0|y|
200 1# - ЗАГЛАВИЕ И СВЕДЕНИЯ ОБ ОТВЕТСТВЕННОСТИ
Основное заглавие Огнеупоры и техническая керамика
Сведения, относящиеся к заглавию Ежемес. междунар. науч.-техн. и произв. журн.
Первые сведения об ответственности Учредители: Предприятия и орг. огнеупор. пром-сти
210 ## - ПУБЛИКАЦИЯ, РАСПРОСТРАНЕНИЕ И ДР.
Место издания, распространения и т.д. М.
Имя издателя, распространителя и т. д. Металлургия
Дата издания, распространения и т.д. 1933 -
300 ## - ОБЩИЕ ПРИМЕЧАНИЯ
Текст примечания Перерыв в изд.: 1942-1944
320 ## - ПРИМЕЧАНИЯ О НАЛИЧИИ В ДОКУМЕНТЕ БИБЛИОГРАФИИ / УКАЗАТЕЛЯ
Текст примечания Предметный указатель материалов, помещенных в журнале "Огнеупоры" за 1933, 1934 и 1935 гг. / Гросс Г.О. (1935, № 12. - с. 944-956)
430 #0 - ПРОДОЛЖЕН
Встроенное поле 2001#$aОгнеупоры
Заглавие Огнеупоры
510 1# - ПАРАЛЛЕЛЬНОЕ ЗАГЛАВИЕ
Параллельное заглавие Refractories & technical ceramics
Язык заглавия английский
712 02 - НАИМЕНОВАНИЕ ОРГАНИЗАЦИИ - ВТОРИЧНАЯ ОТВЕТСТВЕННОСТЬ
Код отношения Прочие
Начальный элемент ввода "Росогнеупор", концерн
Системный номер авторитетной/нормативной записи 486544
Идентификатор авторитетной/нормативной записи RU\NLR\AUTH\889994866
712 01 - НАИМЕНОВАНИЕ ОРГАНИЗАЦИИ - ВТОРИЧНАЯ ОТВЕТСТВЕННОСТЬ
Код отношения Прочие
Начальный элемент ввода СССР
Структурное подразделение Народный комиссариат тяжелой промышленности
Системный номер авторитетной/нормативной записи 371722
Идентификатор авторитетной/нормативной записи RU\NLR\AUTH\889938439
712 01 - НАИМЕНОВАНИЕ ОРГАНИЗАЦИИ - ВТОРИЧНАЯ ОТВЕТСТВЕННОСТЬ
Начальный элемент ввода СССР
Структурное подразделение Народный комиссариат черной металлургии
Код отношения Прочие
712 01 - НАИМЕНОВАНИЕ ОРГАНИЗАЦИИ - ВТОРИЧНАЯ ОТВЕТСТВЕННОСТЬ
Код отношения Прочие
Начальный элемент ввода СССР
Структурное подразделение Главное управление огнеупорной промышленности
Системный номер авторитетной/нормативной записи 838895
Идентификатор авторитетной/нормативной записи RU\NLR\AUTH\8810171528
712 02 - НАИМЕНОВАНИЕ ОРГАНИЗАЦИИ - ВТОРИЧНАЯ ОТВЕТСТВЕННОСТЬ
Начальный элемент ввода Всесоюзное НТО черной металлургии
Структурное подразделение Центральное правление
Код отношения Прочие
712 02 - НАИМЕНОВАНИЕ ОРГАНИЗАЦИИ - ВТОРИЧНАЯ ОТВЕТСТВЕННОСТЬ
Код отношения Прочие
Начальный элемент ввода Российское керамическое общество
Идентифицирующий признак Санкт-Петербург
Системный номер авторитетной/нормативной записи 347201
Идентификатор авторитетной/нормативной записи RU\NLR\AUTH\8810231119
801 #1 - ИСТОЧНИК ЗАПИСИ
Страна Российская Федерация
Организация InfoComm
Дата составления 20041116
801 #0 - ИСТОЧНИК ЗАПИСИ
Страна Российская Федерация
Организация NLR
Правила каталогизации PSBO
801 #2 - ИСТОЧНИК ЗАПИСИ
Страна Российская Федерация
Организация NLR
Дата составления 20080215
Источник данных rusmarc
852 ## - МЕСТОНАХОЖДЕНИЕ И ШИФР ХРАНЕНИЯ
Идентификатор организации NLR
Шифр хранения (Call Number) П10/124
942 ## - ДОПОЛНИТЕЛЬНЫЕ ЭЛЕМЕНТЫ ЗАПИСИ (АБИС)
Тип экземпляра АБИС Журнал
980 ## - КОЛЛЕКЦИЯ
Название коллекции Русская периодика

Нет доступных экземпляров.